Health and safety law and practice (Record no. 107436)
[ view plain ]
| 000 -LEADER | |
|---|---|
| fixed length control field | 01317cam a22002295a 4500 |
| 001 - CONTROL NUMBER | |
| control field | L140141 |
| 008 - FIXED-LENGTH DATA ELEMENTS--GENERAL INFORMATION | |
| fixed length control field | 070906s2007 xxk f 001 0 eng d |
| 020 ## - INTERNATIONAL STANDARD BOOK NUMBER | |
| International Standard Book Number | 139781847160416 |
| -- | 1847160417 |
| 035 ## - SYSTEM CONTROL NUMBER | |
| System control number | (Sirsi) u140141 |
| 041 0# - LANGUAGE CODE | |
| Language code of text/sound track or separate title | eng |
| 050 04 - LIBRARY OF CONGRESS CALL NUMBER | |
| Classification number | 344.410465 $2 18 |
| 100 1# - MAIN ENTRY--PERSONAL NAME | |
| Personal name | Walker, Samantha |
| 245 00 - TITLE STATEMENT | |
| Title | Health and safety law and practice |
| Remainder of title | for small to medium enterprises |
| 260 ## - PUBLICATION, DISTRIBUTION, ETC. | |
| Place of publication, distribution, etc. | Brighton |
| Name of publisher, distributor, etc. | Straightforward Publishing |
| Date of publication, distribution, etc. | 2007 |
| 300 ## - PHYSICAL DESCRIPTION | |
| Extent | 203p. |
| Dimensions | 21cm. |
| 505 2# - FORMATTED CONTENTS NOTE | |
| Formatted contents note | Companies and their legal status -- Background information - who's who starting from the beginning -- Health and safety law - the main pieces of legislation -- Other important areas to consider -- Reporting of accidents to the authorities and performing incident investigations -- Health and safety prosecutions |
| 520 ## - SUMMARY, ETC. | |
| Summary, etc. | Provides a guide to health and safety law and its impact on small businesses. Aimed at the layperson, company director or professional in health and safety. Covers the areas to cover when starting a business, employment status, health and the law, risk assessments, good health and safety management. Describes the enforcing authorities and details how to react and investigate when problems occur. |
| 590 ## - LOCAL NOTE (RLIN) | |
| Local note | KA |
| 651 #4 - SUBJECT ADDED ENTRY--GEOGRAPHIC NAME | |
| Geographic name | United Kingdom |
| Chronological subdivision | |
| 690 ## - LOCAL SUBJECT ADDED ENTRY--TOPICAL TERM (OCLC, RLIN) | |
| Topical term or geographic name as entry element | Health and safety |
| 9 (RLIN) | 6244 |
| 942 ## - ADDED ENTRY ELEMENTS (KOHA) | |
| Suppress in OPAC | 0 |
| Withdrawn status | Lost status | Source of classification or shelving scheme | Damaged status | Not for loan | Home library | Current library | Shelving location | Date acquired | Cost, normal purchase price | Total Checkouts | Full call number | Barcode | Date last seen | Date last checked out | Copy number | Cost, replacement price | Price effective from | Koha item type |
|---|---|---|---|---|---|---|---|---|---|---|---|---|---|---|---|---|---|---|
| Dewey Decimal Classification | London | London | Books | 26/10/2007 | 9.99 | 3 | 344.410465 WAL | 30074304 | 06/08/2019 | 02/12/2007 | 2 | 9.99 | 06/08/2019 | Book |